00837nam a22002291 450000100060000000300080000600500170001400800390003103500190007004000320008904100110012108200180013210000360015024501310018626000360031730000200035350000450037365000240041894200120044299900170045495201360047119953BD-RjUL20211209000513.0140226r19701968nyu 000 d eng a(BD-RjUL)20014 aDLCcDLCdDLCdBD-RjULbeng1 aengfre00a842bVIK 19701 aVian, Boris,d1920-1959.96132714aThe knacker's ABC. L'equarrissage pour tous :bA paramilitary vaudeville in one long act /cTranslated by Simon Watson Taylor. aNew York :bGrove Press,c1970. a82 p. ;c21 cm. aTranslation of L'equarrissage pour tous. aFrench drama961328 2ddccBK c19953d19953 00102ddc40718FICaRUCLbRUCLcReadingd1971-08-28eBook centreg6.37l0o842 VIK 1970r2014-02-26 00:00:00tC-1w2014-02-26yBK